IFRS 4 pre poisťovníctvo - aktualizácia vybraných oblastí

Salvato in:
Dettagli Bibliografici
Autore principale: Kosztolányiová, Alexandra, 1983-
Altri autori: Bilíková, Mária, 1951-
Natura: Capitolo di libro
Lingua:slovacco
Soggetti:
Tags: Aggiungi Tag
Nessun Tag, puoi essere il primo ad aggiungerne!!

MARC

LEADER 00000nla a2200000 4500
001 0157181
005 20240502072738.6
041 0 |a slo 
044 |a SK 
245 1 0 |a IFRS 4 pre poisťovníctvo - aktualizácia vybraných oblastí  |c Alexandra Kosztolányiová, Mária Bilíková 
500 |a Abstrakt 
610 2 0 |a poisťovníctvo 
610 2 0 |a poistenie 
610 2 0 |a zmluvy poistné 
610 2 0 |a účtovníctvo 
610 2 0 |a výkazníctvo finančné 
610 2 0 |a IFRS 
610 2 0 |a štandardy účtovné medzinárodné 
100 1 |a Kosztolányiová, Alexandra, 1983- 
700 1 |a Bilíková, Mária, 1951-